000 01021nam a22003017a 4500
003 CHAP
005 20220329135353.0
008 971013s1988 r 00010 d
010 _a35216
011 _a36188
035 _a40307
040 _cCHAP
090 _aFolleto 12082
100 0 0 _aOram, Peter.
_983392
245 _aProspects for agricultural production and food deficits in West Asia and North Africa
_b: the role of highelevation areas
260 _aWashington :
_bInternational Food Policy Research Institute,
_c1988
300 _a63 p.
590 _aBATCH-UPD
_b10
_c20130110
_lUCH01
_h1232
590 _aBATCH-UPD
_b10
_c20130410
_lUCH01
_h0802
590 _aBATCH-UPD
_b10
_c20130914
_lUCH01
_h0131
590 _aCONVERSION
_b10
_c20130109
_lUCH01
_h1320
650 1 4 _aAlimentos
_xAbastecimiento
_zAsia.
_94148
650 1 4 _aPolítica agrícola
_xAfrica.
_990284
650 1 4 _aPolítica agrícola
_zAsia.
_990381
901 _aBK
942 _cFOLL
949 _aFolleto 12082
_bBC
_cFOLL
_d-92157
_eTS1
_i40307
_si
999 _c35216
_d35216